000 002780000a22000970004500
100 1 _aButler, Phill
245 1 0 _aThe universal medium : Radio's special role in world evangelism
300 _aVol. 13, Núm 49 (1987), Páginas 20-21
773 0 _tWorld Evangelization
942 _cANA
999 _c58115
_d58115